000 00235nam a2200097Ia 4500
001 1212615
005 20250827024458.0
008 250824s9999 xx 000 0 und d
245 0 _aTUT ELİNİ
_cLARA TUKSAL
260 _bDESTEK YAYINLARI
999 _c1212615
_d1212615